00653nam a2200229 a 4500001001300000003000900013005001700022008004100039020000900080082001500089100000700104245004800111260004200159300000800201500003500209505002600244700000700270902000800277942000700285952011400292999001700406nice12345678IN_TiNIC20260116013746.0050524s1998 newa grp 000 0 eng  ac3500a297.2bKIT a,  aKitaab-Ul-Imanb the Book of Islamic Faith. aNew DelhibIslamic Book Servicec1998 a99p aincludes index and biblioraphy2 aIndex of proper names1 a,  bSRS cBK 001040708StackRoom-aHMIbHMId2007-07-06g35.00l0o297.2 KITp019073r2007-07-06v35.00w2005-05-24yBK c12340d12340